Vista normal Vista MARC

Entrada Materia (corporativa)

Número de registros utilizados en: 2

001 - CONTROL NUMBER

  • control field: 59100

003 - CONTROL NUMBER IDENTIFIER

  • control field: Co-BoUCM

005 - DATE AND TIME OF LATEST TRANSACTION

  • control field: 20140331071736.0

008 - FIXED-LENGTH DATA ELEMENTS

  • fixed length control field: 140331|| aca||aabn | a|a d

040 ## - CATALOGING SOURCE

  • Original cataloging agency: Co-BoUCM
  • Transcribing agency: Co-BoUCM

110 ## - HEADING--CORPORATE NAME

  • Corporate name or jurisdiction name as entry element: Universidad Nacional de Colombia
  • Subordinate unit: Facultad de Ciencias Humanas
  • Subordinate unit: Departamento de Filosofía

670 ## - SOURCE DATA FOUND

  • Source citation: Work cat.: (Co-BoUCM)47948: Gutiérrez Alemán, Carlos Bernardo 1938- 59097, Temas de filosofía hermenéutica , 2002